| 000 | 00415nam a2200133Ia 4500 | ||
|---|---|---|---|
| 008 | 220217s9999||||xx |||||||||||||| ||und|| | ||
| 020 | _a978-81-280-0918-1 | ||
| 082 | _a005.13 BAI | ||
| 100 | _aBaitipalli, Venkatesh, N | ||
| 245 | 0 | _aFormal languages and automata theory :A simplified appraoch | |
| 260 |
_aSapna book house _bBangalore _c2008 |
||
| 300 |
_aXII, 384p. _b190 |
||
| 650 | _aPROGRAMMING LANGUAGE | ||
| 999 |
_c180493 _d180493 |
||